Statistiken für Fußballspieler mit dem höchsten Marktwert

Klicken Sie hier um das Quiz zu spielen!

Allgemein

  • Dieses Quiz wurde 15.423 mal gespielt
    (2.106 seit der letzten Aktualisierung)
  • Das Durchschnittsergebnis liegt bei 14 aus 22

Antwortstatistiken

Spieler (Nation)% Korrekt
Kylian Mbappé
99%
Erling Haaland
97%
Jude Bellingham
88%
Vinicius Junior
87%
Jamal Musiala
86%
Gavi
78%
Bukayo Saka
77%
Pedri
77%
Harry Kane
74%
Florian Wirtz
73%
Phil Foden
69%
Victor Osimhen
68%
Rafael Leão
56%
Martin Ødegaard
52%
Lautaro Martínez
51%
Rodrygo
51%
Eduardo Camavinga
49%
Rodri
48%
Declan Rice
42%
Aurélien Tchouaméni
40%
Khvicha Kvaratskhelia
35%
Federico Valverde
34%

Verteilung der Resultate

Perzentil nach korrekt beantworteten Fragen

Anzahl Personen mit jedem Resultat

Ihre Resultats-Entwicklung

Sie haben dieses Quiz seit der letzten Aktualisierung nicht gespielt